Brooklyn Nine-Nine Name Match Quiz Stats

 Plays Quiz not verified by Sporcle

Score 0/20 Timer 03:00
1 Play Today
% Correct
Amy
99%
Jake
98.8%
Charles
98.6%
Gina
97.9%
Rosa
97.8%
Raymond
97.1%
Terry
95.9%
Madeline
86.4%
Michael
83.7%
Norman
83.7%
% Correct
Darlene
77.3%
Doug
75.8%
Lynn
74.3%
Kevin
73.3%
Sophia
72.9%
Jenny
62.4%
Vivian
51.7%
Teddy
50.2%
Geoffrey
49.6%
Warren
35.9%

You're not logged in!

Compare scores with friends on all Sporcle quizzes.
OR
Log In

You Might Also Like...

Show Comments

Extras

Top Quizzes Today


Score Distribution

Your Account Isn't Verified!

In order to create a playlist on Sporcle, you need to verify the email address you used during registration. Go to your Sporcle Settings to finish the process.

Report this User

Report this user for behavior that violates our Community Guidelines.

Details: